Guess That Restaurant! - Statistics

General Stats
  • This quiz has been taken 93 times
  • The average score is 11 of 20
Answer Stats
Picture Answer % Correct
Subway
89%
Mcdonalds
88%
Krispy Kreme
83%
Sonic
75%
Chili's
69%
Carls. Jr
68%
Whataburger
61%
IHOP
59%
A&W
58%
Waffle House
58%
TGI Fridays
56%
Golden Corral
48%
Buffalo Wild Wings
46%
Checkers
44%
Del Taco
44%
Cane's
43%
Jimmy Johns
34%
Shake Shack
33%
Mr. Sub
10%
Wienerschitzel
10%
No matching quizzes found
Score Distribution
Percent of People with Each Score
Percentile by Number Answered
Your Score History
You have not taken this quiz